Протоколы заседаний Совета военной промышленности за период с 4 января по 29 декабря 1921 года

Доступно только в Электронных читальных залах Найти на картеНа карте
RUSMARC
00004176nac2a22002891x 450
0015cfb14e7-4355-4301-a284-b3836965362d
00520160708222023.0
100##$a20160524l19211921k y0rusy50 ca
1010#$arus
102##$aRU
105##$ay z |||||
1222#$ad19210104
$ad19211229
2001#$aПротоколы заседаний Совета военной промышленности за период с 4 января по 29 декабря 1921 года
$j4 января - 29 декабря 1921
215##$a109 листов
251##$cДело
300##$aЗаголовок дела на папке: Протоколы заседаний Совета военной промышленности с 4 января 1921 года по 29 декабря 1921 года
300##$aМашинописный текст
324##$aВ деле имеются копии отдельных документов
330##$aВходит в раздел описи: II. Канцелярия. 2. Общее делопроизводство
461#0$1001ad6baeac-e292-4829-90d1-2f4f65796a62
$12001
$aСОВЕТ НАРОДНЫХ КОМИССАРОВ РСФСР (СНК РСФСР)
$1251
$cФонд
$1852
$j130
$gР
462#0$1001749580a7-5abb-40c4-a39c-e540631a040a
$12001
$a1921 г.
$vД. 652
$1251
$cОпись
$1852
$j5
5171#$aПротоколы заседаний Совета военной промышленности с 4 января 1921 года по 29 декабря 1921 года
60101$3RU\NLR\AUTH\661074810
$aРСФСР
$bСовет Народных Комиссаров
60101$3RU\NLR\AUTH\889963167
$aСССР
$bГлавное управление военной промышленности
$bНаучно-технический совет
801#0$aRU
$bGA_RF
801#1$aRU
$bНПО Опыт
$c20160524
$2rusmarc
801#2$aRU
$bПБ им. Б.Н. Ельцина
$c20160708
$gRCR
$2rusmarc
852##$aГА РФ
$j652
937##$d79100694
$hПБ
035##$aRuPRLIB51039090
Формат отображения